| 000 | 00841cam a2200217 4500 | ||
|---|---|---|---|
| 001 | WB3729-38 | ||
| 008 | 010725n2001 000 0 eng u | ||
| 035 | _a(Sirsi) u113754 | ||
| 245 | _aWhen value won't be derailed | ||
| 260 | _c2001 | ||
| 490 |
_aFinancial Times _v 20 July 2001, 26(2) |
||
| 520 | _aDiscusses the issues that have arisen by the Canary Wharf Group in their arbitration against London Underground. The group is seeking compensation for failure of LU to deliver promised services. Mentions the general increase in site values which are in close proximity to transport links. | ||
| 590 | _aWB | ||
| 650 | _aPROPERTY VALUES | ||
| 650 | _aTRANSPORTATION | ||
| 650 | _aLONDON UNDERGROUND | ||
| 650 | _aCANARY WHARF GROUP | ||
| 650 | _aJUBILEE LINE EXTENSION | ||
| 690 | _aTRANSPORT AND COMMUNICATIONS | ||
| 942 | _n0 | ||
| 999 |
_c67777 _d67777 |
||